Petit Bac - Lettre J - Statistiques

Statistiques générales
  • Ce quiz a été pris 7 037 fois
    4 359 depuis la dernière actualisation
  • Le résultat moyen est 9 sur 10
Statistiques - réponses
Catégories Réponses en J % Correct
Prénom Jaafar / Jaber / Jabier / Jabir / Jacinte / Jacinthe / Jacinto / Jack / Jackelin / Jacki / Jackie / Jackson / Jacky / Jaco / Jacob /Jacoba / Jacobée / Jacobien / Jacobienne / Jacobin / Jacobina / Jacobine / Jacobo / Jade / Jadiya / Jamila / Jeanne / Jemila / Joëlle / Johanna / Judith / Julia / Julie / Juliette / Justine / Jean / Jeremy / Johan / Jordan / Jules / Julien
100%
Objet Jante / Jarre / Jauge / Javelot / Jean / Joint / Jouet / Journal / Jupe / jumelle / Jatte / Jardinière / Jupon / Jeu de société / jar / Jaquette / Jeux / Joyaux / Jokari / Joyau / Jalon / Jogging / Jet / Jade / Jantes / Jacuzzi / Joystick / Jonc / Jarretière / Jambière / jet ski / Jerrican / Jacket / Jupette / Jukebox / Justaucorps / jonque / Juda / jabot / Jeton / Journal / Joug / Journaux / jet pack / jukebox / Javelot / Jaspe / Jeu / Joujou / Jungle speed
99%
Pays Jamaïque / Japon / Jordanie
96%
Marque Jardiland / Jesmar / Jacques Vabre / J'adore / Juvamine / Jupiler / Javel dose / Justin bridou / Jacquet / Jameson / Jammet / Jansport / JCDecaux / Jean coutu / Jeff de bruges / jetix / Jimmy choo / Joe / joker / Jquery / Jules / Jaguar / Jeep / Jensen / Jiayuan / JBL / JVC / Jabra / jordans
95%
Vêtement jabot / jacque / jammer / jaquette / jarretière / jean / jean neige / jelbab / jellaba / jeté / jibula / jilbab / jilbeb / jodhpurs / jogging / journade / judogi / jugulaire / jupe / jupelle / jupette / jupon / justaucorps / Jarretelle
93%
Animal Jacara / Jaguar / Jaguarondi / Jararaca / Jaseur / Julienne / Junco / Jutia / Jument / Jars
93%
Partie du corps Jambe / Jambier antérieur / Joue / Jumeaux
91%
Métier Jardinier / Jardinier paysagiste / Joaillier / Jockey / Jongleur / Journaliste / Juge / Juriste
90%
Sport Jetski / Jett kune do / Jianzi / Jodo / Jorkyball / Joutes / Ju-Jitsu / Judo / Jeu de paume / Jogging
78%
Fruit ou légume Jalapeno / Jaboticaba / Jacque / Jujube / Jojoba
45%
Aucun quiz correspondant
Distribution des résultats
% des personnes avec chaque résultat
Percentile par nombre de réponses
Votre historique - résultats
Vous n’avez pas pris ce quiz depuis la dernière actualisation